000 00965cam a2200289 4500
005 20260322212056.0
008 data
010 _a 72091419
020 _a0870441248
020 _a9780870441240
040 _aDLC
_cDLC
_dDLC
042 _alcac
050 0 0 _aSF428.2
_b.F67
082 0 0 _a636.7/08/86
092 _a636.7 F67 1972
100 1 _aFoster, Joanna.
245 1 0 _aDogs working for people.
_cJoanna Foster & James L. Stanfield.
260 _a[Washington]
_bNational Geographic Society,
_cc1972.
300 _a40 p.
_bcol. illus.
_c29 cm.
440 0 _aBooks for young explorers
520 _aPhotographs and brief text describe the skills of retrievers, sheep and cattle dogs, Seeing Eye dogs, greyhounds, bloodhounds, police dogs, watchdogs, huskies, and other canines that work for man.
650 0 _aWorking dogs
_xJuvenile literature.
650 1 _aWorking dogs.
650 1 _aDogs.
700 1 _aStanfield, James L.,
_eillus.
001 data
999 _c1345
_d1345